000 00740nam a2200229Ia 4500
003 OSt
005 20220609094049.0
008 210716s1986 xx 000 0 und d
020 _a0534917240
040 _cAIMIT LIBRARY
041 _aeng
082 _a657.98
_25
_bHENE
100 _aHenke, Emerson O.
_941249
245 _aAccounting for nonprofit organizations /
_cBy Emerson O Henke
250 _a5th ed.
260 _aBoston :
_bPWS Kent Publishing company
_c1989.
300 _aviii,408p. ;
_c23.5 cm.
650 _aDevelopment and use of budgetary data
_941250
650 _aAccounting for general fund operations
_941251
650 _aAccounting for other nonprofit organizations
_941252
942 _2ddc
_cBK
_e5th
_k657.98 HENE
999 _c198815
_d198815